| 000 | 00343nam a22001457a 4500 | ||
|---|---|---|---|
| 005 | 20170621092834.0 | ||
| 008 | 170621b xxu||||| |||| 00| 0 eng d | ||
| 020 | _a81-7965-070-7 | ||
| 041 | _aeng | ||
| 100 |
_aKUMAR, SURESH _93874 |
||
| 245 | _aINTERNET PATRAKARITA | ||
| 260 |
_aNEW DELHI _bTAXSHILA PRAKASHAN |
||
| 300 | _a178 | ||
| 942 | _cBK | ||
| 999 |
_c5482 _d5480 |
||